Setze das Wort in diese Form! - Statistiken

Allgemein
  • Dieses Quiz wurde 103 mal gespielt
  • Das Durchschnittsergebnis liegt bei 10 aus 15
Antwortstatistiken
Nominativ Singular / Infinitiv setze in Antwort % Korrekt
der Baum Nominativ Plural die Bäume
90%
die Uhr Genitiv Singular der Uhr
83%
die Matte Nominativ Singular die Matte
83%
die Brille Genitiv Plural der Brillen
82%
die Stunde Nominativ Singular die Stunde
82%
das Quiz Dativ Singular dem Quiz
77%
rennen 2. Person Singular Futur I du wirst rennen
77%
gehen 3. Person Plural Präsens sie gehen
77%
der Busch Akkusativ Plural die Büsche
76%
richten 1. Person Singular Perfekt ich habe gerichtet
76%
die Kiste Dativ Singular der Kiste
73%
springen 1. Person Singular Präsens ich springe
73%
die Hummel Akkusativ Singular die Hummel
72%
die Karte Akkusativ Singular die Karte
72%
das Messer Nominativ Singular das Messer
71%
strecken 2. Person Plural Präteritum ihr strecktet
71%
der Bär Nominativ Plural die Bären
70%
das Bild Nominativ Plural die Bilder
70%
riechen 3. Person Plural Perfekt sie haben gerochen
70%
die Tür Genitiv Singular der Tür
69%
werfen 1. Person Singular Futur II ich werde geworfen haben
69%
das Fenster Genitiv Plural der Fenster
68%
sehen 2. Person Plural Plusquamperfekt ihr hattet gesehen
68%
schließen 2. Person Plural Plusquamperfekt ihr hattet geschlossen
65%
sagen 1. Person Plural Futur I wir werden sagen
65%
der Mensch Akkusativ Singular den Mensch
64%
der Stein Akkusativ Singular den Stein
64%
die Neuheit Genitiv Plural der Neuheiten
64%
der Ofen Akkusativ Plural die Öfen
64%
sitzen 3. Person Singular Präsens er,sie,es sitzt
64%
der Stuhl Akkusativ Plural die Stühle
62%
denken 3. Person Singular Pluquamperfekt er,sie,es hatte gedacht
61%
die Gabel Dativ Plural den Gabeln
60%
die Blume Dativ Plural den Blumen
59%
laufen 2. Person Singular Präteritum du liefst
59%
rühren 3. Person Singular Futur II er,sie,es wird gerührt haben
58%
hören 1. Person Singular Präteritum ich hörte
58%
schlafen 1. Person Plural Plusquamperfekt wir hatten geschlafen
57%
das Buch Dativ Singular dem Buch
56%
der Tisch Dativ Plural den Tischen
56%
erzählen 1. Person Plural Perfekt wir haben erzählt
55%
kochen 3. Person Singular Präsens er,sie,es kocht
53%
schütten 2. Person Singular Futur II du wirst geschüttet haben
52%
schreiben 1. Person Plural Perfekt wir haben geschrieben
52%
verstehen 2. Person Singular Futur I du wirst verstehen
50%
der Turm Genitiv Singular des Turms
48%
lesen 2. Person Plural Futur II ihr werdet gelesen haben
48%
meinen 3. Person Plural Präteritum sie meinten
48%
lernen 3. Person Plural Präteritum sie lernten
46%
stehen 3. Person Singular Futur II er,sie,es wird gestanden haben
39%
Keine übereinstimmenden Quizze gefunden
Verteilung der Resultate
Anzahl Personen mit jedem Resultat
Perzentil nach korrekt beantworteten Fragen
Ihre Resultats-Entwicklung
Sie haben dieses Quiz noch nicht gespielt